000 00444nam a2200181Ia 4500
003 OSt
005 20230505152630.0
008 210423s1996 xx 000 0 und d
040 _cAL
041 _aeng
082 _a155.4
_223
_bTHOC
100 _aTHOMSON (George G).
_999025
245 _aChild psychology.
260 _aNew Delhi
_bSurjeeth Publications
_c1996
365 _b195
_cINR
906 _aChild ; psychology.
942 _2ddc
_cBK
999 _c171402
_d171402